000
00212nam a2200097Ia 4500
005
20251222114416.0
008
251222s1900||||xx |||||||||||||| ||spa||
082
_a
DVD0160/C91
245
0
_a
Vanilla sky:
942
_c
DVD
999
_c
2234
_d
2234